| 000 | 00695nam a22002057a 4500 | ||
|---|---|---|---|
| 005 | 20251108164650.0 | ||
| 008 | 250721s1993 xx 000 0 ara d | ||
| 082 | 1 | 4 | _a415/اسم |
| 100 | 1 | _aعمايرة، إسماعيل أحمد | |
| 245 | 1 | 0 |
_aمعالم دراسة في الصرف : _bالأقيسة الفعلية المهجورة : دراسة لغوية تأصيلية / |
| 250 | _aط2. | ||
| 264 | 1 |
_aعمان : _bدار حنين للنشر والتوزيع، _c1993. |
|
| 300 | _a109ص | ||
| 490 | 0 | _aدراسات لغوية ؛ 2 | |
| 650 | 1 | 7 | _aاللغة العربية |
| 650 | 1 | 7 | _aقواعد اللغة |
| 650 | 1 | 7 | _aعلم الصرف |
| 942 |
_2ddc _cBK |
||
| 999 |
_c11314 _d11314 |
||